Normal view
MARC view
- Atzeni, Paolo:Ceri, Stefano:Paraboschi, Stefano
Entry Personal Name
001 - CONTROL NUMBER
- control field: 67482
003 - CONTROL NUMBER IDENTIFIER
- control field: NUST
005 - DATE AND TIME OF LATEST TRANSACTION
- control field: 20210628203830.0
008 - FIXED-LENGTH DATA ELEMENTS
- fixed length control field: 210628|| aca||aabn | a|a d
040 ## - CATALOGING SOURCE
- Original cataloging agency: NUST
- Transcribing agency: NUST
100 ## - HEADING--PERSONAL NAME
- Personal name: Atzeni, Paolo:Ceri, Stefano:Paraboschi, Stefano
670 ## - SOURCE DATA FOUND
- Source citation: Work cat.: (NUST): Atzeni, Paolo:Ceri, Stefano:Paraboschi, Stefano, Database systems;concepts, languages and architectures, 2003
